000 00812nam a2200253 a 4500
008
020 _a9780702171956 (pbk.)
049 _aMAIN
090 _aHD30.28
_bSTR
245 1 0 _aStrategy :
_bsustaining competitive advantage in a globalised context /
_cedited by Geoff Goldman and Cecile Nieuwenhuizen.
260 _aCapetown :
_bJuta & Co. Ltd,
_c2006.
300 _axii, 180 p. :
_bill. ;
_c25 cm.
440 _aEntreprenuership series.
500 _aIncludes index.
504 _aIncludes bibliographical references.
650 1 _aEntreprenuership.
700 _aGoldman, Geoff.
700 _aNieuwenhuizen, Cecile.
907 _a.b10328531
_b22-03-13
_c11-03-13
003
005 20230123122004.0
040 _cNUST
942 _cBOOKS
_kHD30.28
_mSTR
999 _c125866
_d125866